| 000 | 00759nam a2200265Ia 4500 | ||
|---|---|---|---|
| 003 | OSt | ||
| 005 | 20220928131111.0 | ||
| 006 | a|||||r|||| 00| 0 | ||
| 007 | ta | ||
| 008 | 220927b |||||||| |||| 00| 0 eng d | ||
| 024 | _a29108 | ||
| 037 | _cTextual | ||
| 040 |
_aSDCL _cSDCL _beng |
||
| 041 |
_2eng _aeng |
||
| 082 | _aB2893g, P8 | ||
| 100 | _aRavindran A Ravi Ed. | ||
| 245 | 0 | _aOperations research and management seicnce handbook. | |
| 260 |
_aBoca Raton _b CRC Press _c2008 |
||
| 300 |
_axxiii,Various pages _ccm. |
||
| 490 | _aOperations research series | ||
| 650 |
_a Operations Management _9442602 |
||
| 650 | _aOperations Research | ||
| 942 |
_hB2893g, P8 _cTEXL _2CC |
||
| 999 |
_c789583 _d789583 |
||